Statistiques concernant Scientifiques par lettre - I/J/K

Cliquez ici pour prendre le quiz!

Statistiques générales

  • Ce quiz a été pris 61 fois
  • Le résultat moyen est 3 sur 8

Statistiques - réponses

LettreIndiceRéponse% Correct
KIl a trouvé les 3 lois de mouvements des planètesJohannes Kepler
88%
JLorsqu'un courant électrique passe dans un matériau, ce dernier chauffeJames Joule
85%
JFille de Pierre et Marie Curie, elle a découvert la radioactivité induite et la radioactivité artificielleIrène Joliot-Curie
54%
KAussi appelé William ThomsonLord Kelvin
54%
JA donné son nom à un théorème de topologie plane qui dit qu'un lacet simple sépare un plan en deuxCamille Jordan
15%
KVar(X) = E[X²] - E[X]²König
12%
ISoviétique qui a établit la charge de l'électron indépendamment de MillikanAbram Ioffé
3%
KIl a découvert cette loi qui porte son nom : dΔH / dT = ΔCpGustav Kirchhoff
2%

Distribution des résultats

Percentile par nombre de réponses

% des personnes avec chaque résultat

Votre développement - résultats

Vous n’avez pas pris ce quiz